Contabilidad de costos (Registro nro. 723)
[ vista simple ]
| 000 -LEADER | |
|---|---|
| fixed length control field | 01602 a2200217 4500 |
| 001 - CONTROL NUMBER | |
| control field | 17267 |
| 005 - DATE AND TIME OF LATEST TRANSACTION | |
| control field | 20260407155459.0 |
| 008 - FIXED-LENGTH DATA ELEMENTS--GENERAL INFORMATION | |
| fixed length control field | 260407a1967 arg spa d |
| 003 - CONTROL NUMBER IDENTIFIER | |
| control field | AR-UNSa-BCEJYS |
| 040 ## - CATALOGING SOURCE | |
| Original cataloging agency | AR-UNSa-BCEJYS |
| Language of cataloging | spa |
| Transcribing agency | AR-UNSa-BCEJYS |
| 080 ## - UNIVERSAL DECIMAL CLASSIFICATION NUMBER | |
| Universal Decimal Classification number | 657.47 |
| Common auxiliary subdivision | Contabilidad de Costos |
| 100 1# - MAIN ENTRY--PERSONAL NAME | |
| Personal name | Neuner, John J.W. |
| 245 10 - TITLE STATEMENT | |
| Title | Contabilidad de costos |
| Name of part/section of a work | principios y práctica |
| 250 ## - EDITION STATEMENT | |
| Edition statement | 2a. ed. |
| 264 #1 - PRODUCTION, PUBLICATION, DISTRIBUTION, MANUFACTURE, AND COPYRIGHT NOTICE | |
| Place of production, publication, distribution, manufacture | México : |
| Name of producer, publisher, distributor, manufacturer | Unión Tipográfica Editorial Hispano-Americana (UTEHA) |
| Date of production, publication, distribution, manufacture, or copyright notice | 1967 |
| 300 ## - PHYSICAL DESCRIPTION | |
| Extent | 959 p. |
| Dimensions | 22 cm. |
| 505 ## - FORMATTED CONTENTS NOTE | |
| Formatted contents note | 1. Naturaleza y amplitud del campo de la contabilidad de costos - 2. El ciclo de la contabilidad de costos en un sistema por órdenes específicas-Modelos - 3. El ciclo de la contabilidad de costos en un sistema por órdenes específicas - Asientos y estados de contabilidad - 4. Los libros de contabilidad en un sistema de contabilidad de costos - 5. El control de los materiales en la contabilidad de costos. Parte I: Compra, recepción y almacenamiento - 6. El control de los materiales en la contabilidad de costos. Parte II: Entrega, valuación y registros de inventarios - 7. La contabilidad financiera de la mano de obra en el sistema de contabilidad de costos - 8. Análisis y distribución de la nómina de la fábrica desde el punto de vista de la contabilidad de costos - 9. La carga fabril aplicada como elemento del costo - 10. Departamentalización de los costos indirectos de fabricación - 11. Resúmenes de costos y estados financieros |
| 590 ## - LOCAL NOTE (RLIN) | |
| Local note | niveau_biblio:m niveau_hierar:0 |
| 700 1# - ADDED ENTRY--PERSONAL NAME | |
| Personal name | Fernández Cepero, Manuel de J. |
| 942 ## - ADDED ENTRY ELEMENTS (KOHA) | |
| Koha item type | |
| Withdrawn status | Lost status | Damaged status | Not for loan | Home library | Current library | Shelving location | Date acquired | Total checkouts | Full call number | Barcode | Date last seen | Price effective from | Koha item type |
|---|---|---|---|---|---|---|---|---|---|---|---|---|---|
| Biblioteca Prof. Eusebio Cleto del Rey | Biblioteca Prof. Eusebio Cleto del Rey | 07/04/2026 | 657.47 N494o v.1 2ed. | L21397 | 07/04/2026 | 07/04/2026 | Libro |